Absolute Zero Definitive Edition Deck - Statistics

General Stats
  • This quiz has been taken 3 times
  • The average score is 10 of 16
Answer Stats
Answer % Correct
Cold Snap
100%
Hoarfire
100%
Ice Shield
100%
Isothermic Transducer
100%
Null-Point Calibration Unit
100%
Still Life
100%
Coolant Blast
67%
Focused Apertures
67%
Thermal Shockwave
67%
Conductive Installation
33%
Cryo-Field Projector
33%
Desperate Deployment
33%
Frost-Bound Drain
33%
Fueled Freeze
33%
High-Yield Coolant Tanks
33%
Modular Repair
33%
No matching quizzes found
Score Distribution
Percent of People with Each Score
Percentile by Number Answered
Your Score History
You have not taken this quiz